MARC details
| 000 -CABECERA |
| campo de control de longitud fija |
01408nam a2200313 a 4500 |
| 003 - IDENTIFICADOR DEL NÚMERO DE CONTROL |
| campo de control |
MX-MxUPN |
| 005 - FECHA Y HORA DE LA ÚLTIMA TRANSACCIÓN |
| campo de control |
20221125144605.0 |
| 008 - ELEMENTOS DE LONGITUD FIJA--INFORMACIÓN GENERAL |
| campo de control de longitud fija |
200205t2018 mx rb 000 0 spa d |
| 020 ## - NÚMERO INTERNACIONAL NORMALIZADO PARA LIBROS |
| Número Internacional Estándar del Libro |
9786073004473 |
| 035 ## - NÚMERO DE CONTROL DEL SISTEMA |
| Número de control de sistema |
UPN01000235277 |
| 040 ## - FUENTE DE LA CATALOGACIÓN |
| Centro catalogador/agencia de origen |
MX-MxUPN |
| Lengua de catalogación |
spa |
| Centro/agencia transcriptor |
MX-MxUPN |
| 041 0# - CÓDIGO DE IDIOMA |
| Código de lengua del texto/banda sonora o título independiente |
spa |
| 050 14 - SIGNATURA TOPOGRÁFICA DE LA BIBLIOTECA DEL CONGRESO |
| Número de clasificación |
HD1531 M6 |
| Número de documento/Ítem |
N6.518 |
| 100 1# - ASIENTO PRINCIPAL--NOMBRE PERSONAL |
| Nombre de persona |
Nolan Ferrell, Catherine A., |
| Fechas asociadas al nombre |
1965- |
| 9 (RLIN) |
43619 |
| 240 10 - TÍTULO UNIFORME |
| Título uniforme |
[Constructing citizenship: transnational workers and revolution on the Mexico-Guatemala border, 1880-1950. |
| Lenguaje de la obra |
Español] |
| 245 13 - MENCIÓN DE TÍTULO |
| Título |
La construcción de la ciudadanía : |
| Resto del título |
los trabajadores trasnacionales y la revolución en la frontera México-Guatemala, 1880-1950 / |
| Mención de responsabilidad, etc. |
Catherine A. Nolan Ferrell ; tr. Isabel Vericat Núñez. |
| 250 ## - MENCIÓN DE EDICIÓN |
| Mención de edición |
Primera edición. |
| 260 ## - PUBLICACIÓN, DISTRIBUCIÓN, ETC. |
| Lugar de publicación, distribución, etc. |
México : |
| Nombre del editor, distribuidor, etc. |
UNAM, Centro de Investigaciones Multidisciplinarias sobre Chiapas y la Frontera Sur, |
| Fecha de publicación, distribución, etc. |
©2018. |
| 300 ## - DESCRIPCIÓN FÍSICA |
| Extensión |
308 páginas |
| 490 0# - MENCIÓN DE SERIE |
| Mención de serie |
Nueva historiografía de Chiapas y Centroamérica |
| 504 ## - NOTA DE BIBLIOGRAFÍA, ETC. |
| Nota de bibliografía, etc. |
Incluye referencias bibliográficas. |
| 650 #4 - ASIENTO SECUNDARIO DE MATERIA - TERMINO TEMATICO |
| Término de materia o nombre geográfico como elemento de entrada |
Trabajadores agrícolas |
| Subdivisión geográfica |
Chiapas |
| Subdivisión general |
Condiciones sociales |
| 9 (RLIN) |
45754 |
| 650 #4 - ASIENTO SECUNDARIO DE MATERIA - TERMINO TEMATICO |
| Término de materia o nombre geográfico como elemento de entrada |
Trabajadores agrícolas extranjeros |
| Subdivisión geográfica |
Chiapas |
| Subdivisión general |
Condiciones sociales |
| 9 (RLIN) |
45755 |
| 650 #4 - ASIENTO SECUNDARIO DE MATERIA - TERMINO TEMATICO |
| Término de materia que sigue a un nombre geográfico como elemento de entrada |
Pobreza rural |
| Subdivisión geográfica |
Chiapas |
| 9 (RLIN) |
45756 |
| 650 #4 - ASIENTO SECUNDARIO DE MATERIA - TERMINO TEMATICO |
| Término de materia o nombre geográfico como elemento de entrada |
Nacionalismo |
| Subdivisión geográfica |
Chiapas |
| Subdivisión general |
Historia |
| 9 (RLIN) |
45757 |
| 650 #4 - ASIENTO SECUNDARIO DE MATERIA - TERMINO TEMATICO |
| Término de materia o nombre geográfico como elemento de entrada |
Ciudadanía |
| Subdivisión general |
Aspectos sociales |
| Subdivisión geográfica |
Chiapas |
| Subdivisión general |
Historia |
| 9 (RLIN) |
45758 |
| 905 ## - TIPO DE MATERIAL |
| Tipo de material |
Libro |